Subcampeones del Mundial - Estadísticas

Estadísticas generales
  • Esta prueba ha sido intentada 92 veces
  • La puntuación promedio es 17 de 22
Estadísticas de respuestas
Año Campeón Subcampeón % Correcto
2014 Alemania Argentina
100%
2022 Argentina Francia
100%
2010 España Países Bajos
100%
2018 Francia Croacia
99%
2006 Italia Francia
94%
2002 Brasil Alemania
91%
1998 Francia Brasil
87%
1994 Brasil Italia
84%
1986 Argentina Alemania
83%
1990 Alemania Argentina
82%
1950 Uruguay Brasil
80%
1978 Argentina Países Bajos
79%
1982 Italia Alemania
77%
1966 Inglaterra Alemania
74%
1930 Uruguay Argentina
74%
1974 Alemania Países Bajos
72%
1970 Brasil Italia
70%
1958 Brasil Suecia
68%
1954 Alemania Hungría
62%
1938 Italia Hungría
60%
1934 Italia Checoslovaquia
56%
1962 Brasil Checoslovaquia
54%
No se encontraron pruebas coincidentes
Distribución de puntuación
Porcentaje de gente con cada puntuación
Porcentaje por número respondido
Historial de tus puntuaciones
No has intentado esta prueba.